• 首页
  • 本馆介绍
  • 公告通知
  • 最新文献
  • 馆藏检索
  • 电子资源
  • 读者导购
  • 参考咨询
  • 我的图书馆
  • 登录
  • 详细信息显示
  • 放入我的书架
  • 预约/预借图书
  • 作者相关作品
  • 分类相关作品
  • 丛书相关作品
  • 出版社相关作品

书目信息

  • 表格格式
  • 工作单格式
  • 卡片格式
题名:
中文Windows2000 Professional从入门到精通
    
 
作者: 杨桦 编著
分册:  
出版信息: 北京   中国石化出版社  2001.05
页数: 311页
开本: 26cm
丛书名:
单 册:
中图分类: TP316.86
科图分类:
主题词: 软件
电子资源:
ISBN: 7-80164-049-7
000 00688nam0 2200217 450
001 0759414887
005 20071215163154.89
010    @a7-80164-049-7@dCNY28.00
100    @a20071215d2001 km y0chiy0120 ea
101 0  @achi
102    @aCN@b110000
200 1  @a中文Windows2000 Professional从入门到精通@Azhong wen Windows2000 Professional cong ru men dao jing tong@f杨桦编著@Fyang hua bian zhu
210    @a北京@c中国石化出版社@d2001.05
215    @a311页@d26cm
300    @a学用Windows2000首选教材
606 0  @a软件
690    @aTP316.86@v4
701  0 @a杨桦@Ayang hua@4编著
801  0 @aCN@b大连网信软件有限公司图书馆@c20071215
905    @aBZT@dTP316.86@e1
906    @dCNY28.00@n0@r1
    
    中文Windows2000 Professional从入门到精通/杨桦编著.-北京:中国石化出版社,2001.05
    311页;26cm
    学用Windows2000首选教材
    
    ISBN 7-80164-049-7:CNY28.00
    
●
相关链接 在五车中查询图书 在当当中查询图书 在豆瓣中查询图书


正题名:中文Windows2000 Professional从入门到精通     索取号:TP316.86/1         预约/预借

序号 登录号 条形码 馆藏地/架位号 状态 备注
1 632315   2000632315   中心书库中库/ 中库027架A面1列7层8/ [索取号:TP316.86/1] 在馆    
2 632316   2000632316   中心书库中库/ 中库027架A面1列7层1/ [索取号:TP316.86/1] 在馆    
3 632317   2000632317   中心书库中库/ 中库027架A面1列7层3/ [索取号:TP316.86/1] 在馆    
4 632318   2000632318   中心书库中库/ 中库027架A面1列7层9/ [索取号:TP316.86/1] 在馆    
5 632319   2000632319   中心书库中库/ 中库027架A面1列7层10/ [索取号:TP316.86/1] 在馆    
6 632320   2000632320   中心书库中库/ 中库027架A面1列7层2/ [索取号:TP316.86/1] 在馆    
7 632321   2000632321   中心书库中库/ 中库027架A面1列7层4/ [索取号:TP316.86/1] 在馆    
8 632322   2000632322   中心书库中库/ 中库027架A面1列7层11/ [索取号:TP316.86/1] 在馆    
9 632323   2000632323   中心书库中库/ 中库027架A面1列7层6/ [索取号:TP316.86/1] 在馆    
10 632324   2000632324   中心书库中库/ 中库027架A面1列7层5/ [索取号:TP316.86/1] 在馆    
山东省滨州职业学院图书馆 欢迎您!
大连网信软件有限公司© 版权所有